| 000 | 00413nam a22001697a 4500 | ||
|---|---|---|---|
| 005 | 20160528095755.0 | ||
| 008 | 160528b xxu||||| |||| 00| 0 eng d | ||
| 020 | _a978-8125-773-2 | ||
| 041 | _aeng | ||
| 082 | _b5640 | ||
| 100 |
_aRajagopal _91420 |
||
| 245 | _aMarketing Management | ||
| 260 |
_aNew Delhi _bVikas Publishing House (P) Ltd. _c2009 |
||
| 300 | _a299 | ||
| 650 |
_aManagement _9241 |
||
| 942 | _cBK | ||
| 999 |
_c2012 _d2011 |
||